000 00967nam a22001697a 4500
999 _c61525
_d61525
005 20240321154522.0
008 240321s2002 ge ||||| |||| 00| 0 geo d
022 _a1512-097x
041 _ageo
245 _aადამიანი და კონსტიტუცია :
_b საერთაშორისო სამეცნიერო-პრაქტიკული, რეცენზირებადი და რეფერირებადი ჟურნალი /
_cრედაქტორი ჯონი ხეცურიანი; საქართველოს საკონსტიტუციო სასამართლო.
260 _aთბილისი,
_c1996-
300 _aV.
653 _aადამიანი და კონსტიტუცია
653 _aპერიოდიკა
700 _aხეცურიანი, ჯონი
_eრედაქტორი
_921526
942 _2udc
_cCR